000 01774nam a2200229Ia 4500
999 _c56642
_d56642
001 23764
003 GE_BSU
005 20250905163756.0
008 181216s1978||||ge |||||||||||||| ||geo||
040 _cGE_BSU
041 _ageo
080 _a94(393) ხ-16
100 _aხაზარაძე, ნანა
_925778
245 _aაღმოსავლეთ მცირე აზიის ეთნიკური და პოლიტიკური გაერთიანებები ძვ. წ. I ათასწლეულის პირველ ნახევარში /
_cნანა ხაზარაძე; რედაქტორი გ. მელიქიშვილი; საქართველოს სსრ მეცნიერებათა აკადემია, ივ. ჯავახიშვილის სახ. ისტორიის, არქეოლოგიისა და ეთნოგრაფიის ინსტიტუტი.
264 _aთბილისი :
_bმეცნიერება,
_c1978.
300 _a140 გვ. ;
_b21 სმ.
520 _aრეზიუმე რუსულ და ინგლისურ ენებზე.
653 _aაღმოსავლეთ მცირე აზიის ისტორია
700 _aმელიქიშვილი, გიორგი
_eრედაქტორი
_925779
710 _aსაქართველოს სსრ მეცნიერებათა აკადემია. ივ. ჯავახიშვილის სახ. ისტორიის, არქეოლოგიისა და ეთნოგრაფიის ინსტიტუტი.
_918718
942 _cBK
_2udc